Nelvar (Record no. 14008)

MARC details
010 ## - Numéro international normalisé du livre (ISBN)
ISBN 9782487746176
Disponibilité et/ou prix 15 EUR
099 ## - Visibilité opac
notice masquée en opac Non
100 ## - Données générales de traitement
Données générales de traitement 20251205d2025 m y0frey50 ba
101 0# - Langue de la ressource
Langue du texte, de la bande son, etc. français
102 ## - Pays de publication ou de production
Pays de publication France
200 1# - Titre et mention de responsabilité
Titre propre Nelvar
Indication générale du type de document Livre
Complément du titre le royaume sans peuple
214 #0 - Mentions de production, publication, diffusion et manufacture
Nom de l’éditeur Esse que éditions
Date de publication 2025
214 #3 - Mentions de production, publication, diffusion et manufacture
Nom de l’éditeur Impr. Typolibris
215 ## - Description physique
Nombre de pages 1 vol. (157 p.)
323 ## - Nombre de personnages
Texte de la note indéfini
330 ## - Résumé ou extrait
Texte de la note Dans le royaume de Nelvar, rien ne va plus. Le roi Flégur est mort sans héritier. L alliance ancienne nouée entre les différentes communautés est à bout de souffle : Orcs, Elfes, Trolls, Mages et Humains se battent pour accéder au trône. Pour départager les prétendant·es, il faut retrouver la couronne de Boroghmar, qui ne peut aller que sur la tête de celle ou celui qui sera digne de diriger Nelvar. Mais les différentes espèces qui peuplent le royaume réussiront-elles à s unir pour mener à bien cette quête ? Dans cette pièce épique d heroic fantasy, Logan De Carvalho met en scène un monde imaginaire, reflet à peine déformé du nôtre, et questionne le mythe du vivre-ensemble. Une fable à l humour ravageur, qui utilise la fiction pour ranimer nos rêves de changement.
610 ## - Mot-clé
Mot-clé fantastique
-- royaume
-- combats
700 ## - Auteur principal
Nom De Carvalho
Prénom Logan
105 ## - Zone de données codées : textes, monographies
Données codées sur les monographies textuelles ||||z 00|||
181 #0 - Zone de données codées : Forme de la ressource
Données de liaison entre champs 01
Forme du contenu selon l’ISBD sous forme codée i
Qualificatif(s) du contenu selon l’ISBD sous forme codée xxxe
181 ## - Zone de données codées : Forme de la ressource
Données de liaison entre champs 02
Autre référentiel utilisé pour coder la forme du contenu texte
Code du référentiel rdacontent
182 #0 - Zone de données codées : type de média
Données de liaison entre champs 01
Type de médiation selon l’ISBD sous forme codée sans média
182 ## - Zone de données codées : type de média
Données de liaison entre champs 02
Autre référentiel utilisé pour coder le type de médiation sans média
Code du référentiel rdamedia
214 #0 - Mentions de production, publication, diffusion et manufacture
Lieu de publication, production, distribution/diffusion, fabrication Pantin
214 #3 - Mentions de production, publication, diffusion et manufacture
Lieu de publication, production, distribution/diffusion, fabrication 22-Saint-Brieuc cedex 9
215 ## - Description physique
Dimensions 19 cm
700 ## - Auteur principal
Eléments ajoutés aux noms autres que les dates Auteur du texte
801 #0 - Origine de la notice
Pays FR
Agence de catalogage FR-751131015
Date de la transaction 20251205
Règles de catalogage utilisées AFNOR
Identifiant d'origine FRBNF486610230000006
Code du format utilisé intermrc
856 #2 - Adresse électronique et mode d’accès
Uniform Resource Identifier 1144944
Numéro d'accès Première de couverture
856 #2 - Adresse électronique et mode d’accès
Uniform Resource Identifier 1144945
Numéro d'accès Quatrième de couverture
000 -Etiquette de la notice
Leader 01875nam a2200385 4500
003 - Identifiant de la notice
Identifiant http://catalogue.bnf.fr/ark:/12148/cb48661023r
005 - Identifiant de la version
Identifiant 20260116125036.0
073 #0 - EAN
Numéro normalisé 9782487746176
Holdings
Exclu du prêt Date de création Site actuel Code barre Date prix de remplacement Cote Statut Site de rattachement Type de document Koha
  16.01.2026 Théâtre Joliette JOL 007709 16.01.2026 TH CAR X   Théâtre Joliette Livre